English Counties in Alphabetical Order - Statistics

General Stats
  • This quiz has been taken 17 times
  • The average score is 29 of 48
Answer Stats
Hint Answer % Correct
B Bedfordshire
90%
D Derbyshire
90%
L Lancashire
90%
C Cambridgeshire
80%
G Gloucestershire
80%
G Greater London
80%
H Herefordshire
80%
B Buckinghamshire
70%
C Cornwall
70%
C Cumbria
70%
D Devon
70%
D Dorset
70%
E East Riding of Yorkshire
70%
E East Sussex
70%
E Essex
70%
G Greater Manchester
70%
H Hertfordshire
70%
K Kent
70%
L Leicestershire
70%
M Merseyside
70%
N Northumberland
70%
O Oxfordshire
70%
B Berkshire
60%
D Durham
60%
H Hampshire
60%
I Isle of Wight
60%
L Lincolnshire
60%
N Norfolk
60%
R Rutland
60%
S Surrey
60%
W Warwickshire
60%
C Cheshire
50%
N North Yorkshire
50%
N Nottinghamshire
50%
S Somerset
50%
S South Yorkshire
50%
S Suffolk
50%
T Tyne and Wear
50%
N Northamptonshire
40%
W West Midlands
40%
W West Sussex
40%
W West Yorkshire
40%
W Wiltshire
40%
W Worcestershire
40%
C City of Bristol
30%
S Shropshire
30%
S Staffordshire
30%
C City of London
20%
No matching quizzes found
Score Distribution
Percent of People with Each Score
Percentile by Number Answered
Your Score History
You have not taken this quiz